000
00353nam a2200169Ia 4500
008
191121s9999||||xx |||||||||||||| ||und||
020
_a
9280110292
040
_a
IMU-MPC
082
_a
Column-5
100
_a
IMO
245
0
_a
Resolutions and Other Decisions
260
_a
London
260
_b
IMO
260
_c
1974
300
_a
260
942
_c
BK
999
_c
2143
_d
2143